Včelařství od pořízení včelstev po medobraní : více než 400 návodných fotografií : obrazový průvodce

Bibliographic Details
Main Author: Cramp, David (Author)
Other Authors: Pickett, Robert (Photographer), Pisková, Kateřina (Translator)
Format: Book
Language:Czech
English
PhysicalDescription:160 s. fareb. ilustr. 31 cm
Published: Čestlice Rebo 2013
ISBN:9788025507148
Edition:1. vyd.
Subjects:

MARC

LEADER 00000cam a2200000 a 4500
001 vtls010554692
003 SK-MaSNL
005 20260301090238.0
008 240318s2013 xr oa f f 001 0 cze
020 |a 9788025507148  |q (viaz.) 
040 |a SNK  |b slo  |c SNK  |e AACR2 
041 1 |a cze  |h eng 
044 |a xr  |c CZ 
072 7 |a 638  |x Včelárstvo  |2 konspekt 
080 |a 638.1  |2 2001 
080 |a 638.14  |2 2001 
080 |a 595.799  |2 2001 
080 |a (035)  |2 2001 
080 |a (084.11)  |2 2001 
100 1 |a Cramp, David  |4 aut  |9 417714 
240 1 0 |a Beekeeping  |l Česky 
245 1 0 |a Včelařství  |b od pořízení včelstev po medobraní : více než 400 návodných fotografií : obrazový průvodce  |c David Cramp ; s fotografiemi Roberta Picketta ; [z anglického originálu přeložila a odborně lektorovala Kateřina Pisková] 
246 3 |a Obrazový průvodce včelařství 
250 |a 1. vyd. 
260 |a Čestlice  |b Rebo  |c 2013 
300 |a 160 s.  |b fareb. ilustr.  |c 31 cm 
650 0 7 |a včelárstvo  |2 SNKPH  |9 3997 
650 0 7 |a chov včiel  |2 SNKPH  |9 57250 
650 0 7 |a včely  |2 SNKPH  |9 16765 
650 0 7 |a Apiculture  |2 SNKPHeng  |9 265327 
650 0 7 |a včely  |2 SNKPHeng  |9 16765 
650 0 7 |a Bee keeping  |2 SNKPHeng  |9 335014 
655 7 |a príručky  |2 SNKPH  |9 74364 
655 7 |a obrazové publikácie  |2 SNKPH  |9 70343 
655 7 |a Handbooks, manuals, etc.  |2 SNKPHeng  |9 90964 
655 7 |a Pictorial works  |2 SNKPHeng  |9 284468 
700 1 |a Pickett, Robert  |4 pht  |9 412530 
700 1 |a Pisková, Kateřina  |4 trl  |9 417715 
919 |a 978-80-255-0714-8 
999 |c 667713  |d 669643 
952 |t VČE 638.1  |a SNKUST  |b SNKUST  |y PREZ  |7 0  |p 17A1121439  |o snkIB 72892  |i snk2014/23183  |8 3  |g 13.62  |0 0  |1 0  |4 0  |d 2014-10-27  |l 0  |r 2025-05-29 00:00:00  |w 2026-02-23